Podrobnosti MARC
| 000 -Návěští |
| Řídící pole kódované 24B |
02659nam a2200553 i 4500 |
| 001 - Kontrolní číslo |
| Řídící pole proměnné |
5207634 |
| 003 - Identifikátor kontrolního čísla |
| Řídící pole proměnné |
CZ PrSKC |
| 005 - Datum posledního zpracování |
| Řídící pole 16B |
20260421135752.0 |
| 007 - Pole pevné délky pro fyzický popis |
| Řídící pole kódované |
ta |
| 008 - Údaje pevné délky |
| Řídící pole kódované 40B |
260219s2026 xr a e 6 000 1acze |
| 015 ## - |
| -- |
cnb003736979 |
| 020 ## - ISBN |
| ISBN |
978-80-275-2789-2 |
| -- |
(brožováno) |
| 040 ## - Zdroj katalogizace-agentura |
| Agentura původní katalogizace |
ABG001 |
| Jazyk katalogizace |
cze |
| Použitá pravidla popisu |
rda |
| 041 1# - Kód jazyka |
| Kód jazyka textu/zvuku, mezititulků |
cze |
| Kód jazyka originálu |
fre |
| 043 ## - |
| -- |
e-be--- |
| 072 #7 - Kód předmětové kategorie - Konspekt |
| Předmětová kategorie |
741.52 |
| Zpřesnění předmětové kategorie |
Komiksy. Komiksové adaptace |
| Zdroj předmětové klasifikace |
Konspekt |
| -- |
21 |
| 072 #7 - Kód předmětové kategorie - Konspekt |
| Předmětová kategorie |
929 |
| Zpřesnění předmětové kategorie |
Biografie |
| Zdroj předmětové klasifikace |
Konspekt |
| -- |
8 |
| 080 ## - MDT |
| Klasifikační znak MDT |
741.52(0:82-322.6) |
| Idetifikátor vydání MDT |
MRF |
| 080 ## - MDT |
| Klasifikační znak MDT |
741.52.071.1-055.2 |
| Idetifikátor vydání MDT |
MRF |
| 080 ## - MDT |
| Klasifikační znak MDT |
618.17 |
| Idetifikátor vydání MDT |
MRF |
| 080 ## - MDT |
| Klasifikační znak MDT |
(493) |
| Idetifikátor vydání MDT |
MRF |
| 080 ## - MDT |
| Klasifikační znak MDT |
(092)741.52 |
| Idetifikátor vydání MDT |
MRF |
| 044 ## - Kód země vydání/výroby |
| Kód geografické oblasti/země |
xr |
| 100 1# - Hlavní záhlaví - osobní jméno autora |
| Osobní jméno |
Garin, Alix, |
| Datumy související se jménem |
1997- |
| -- |
xx0341787 |
| Kód role |
aut |
| 9 (RLIN) |
20678 |
| 240 10 - Unifikovaný název |
| Unifikovaný název |
<a href="Impénétrable.">Impénétrable.</a> |
| Jazyk díla |
Česky |
| 245 10 - Údaje o názvu |
| Název |
Neproniknutelná / |
| Údaj o odpovědností, atd. |
Alix Garin ; přeložila Sára Vybíralová |
| 250 ## - Údaje o vydání |
| Označení vydání |
První vydání |
| 264 #1 - Nakladatelské údaje |
| Místo vydání |
Brno : |
| Nakladatel |
Host, |
| Rok vydání |
2026 |
| 300 ## - Fyzický popis |
| Rozsah |
300 stran : |
| další fyzické údaje |
barevné ilustrace ; |
| Rozměry |
27 cm |
| 336 ## - |
| -- |
text |
| -- |
txt |
| -- |
rdacontent |
| 336 ## - |
| -- |
statický obraz |
| -- |
sti |
| -- |
rdacontent |
| 337 ## - |
| -- |
bez média |
| -- |
n |
| -- |
rdamedia |
| 338 ## - |
| -- |
svazek |
| -- |
nc |
| -- |
rdacarrier |
| 500 ## - Všeobecná poznámka |
| Text obecné poznámky |
Přeloženo z francouzštiny |
| 520 2# - Anotace |
| Anotace, atd. |
Intimní a upřímná komiksová zpověď o vlastních sexuálních problémech. |
| Rozšířený text anotace |
Alix začne při sexu s dlouholetým přítelem pociťovat nevysvětlitelnou bolest. Když zjistí, že trpí vaginismem, začíná maraton vyšetření i terapeutických sezení. Alix ztrácí chuť k fyzickému kontaktu a popisuje, co to pro mladou ženu znamená, jak souvisí tělesné s duševním a naopak... Její přítel Lucas trpí výčitkami, ale zároveň v některých momentech překračuje hranice toho, co si k Alix může dovolit. A oba hledají cestu k udržení partnerského vztahu. Boj o znovuzískání kontroly nad svým tělem a vlastní touhou se mění v hledání cesty k uzdravení, emancipaci a lásce. Nakladatelská anotace. Kráceno. |
| 521 8# - |
| -- |
Pro čtenáře od 15 let |
| 600 17 - Vedlejší věcné záhlaví - osobní jméno |
| Osobní jméno |
Garin, Alix, |
| Datumy související se jménem |
1997- |
| -- |
xx0341787 |
| Zdroj záhlaví nebo termínu |
czenas |
| 9 (RLIN) |
20679 |
| 650 07 - Vedlejší věcné záhlaví - věcné téma |
| Věcné téma |
komiksové tvůrkyně |
| -- |
ph1081295 |
| Geografické zpřesnění |
Belgie |
| Chronologické zpřesnění |
21. století |
| Zdroj záhlaví nebo termínu |
czenas |
| 9 (RLIN) |
20680 |
| 650 07 - Vedlejší věcné záhlaví - věcné téma |
| Věcné téma |
sexuální dysfunkce u žen |
| -- |
ph125505 |
| Zdroj záhlaví nebo termínu |
czenas |
| 9 (RLIN) |
20681 |
| 650 #9 - Vedlejší věcné záhlaví - věcné téma |
| Věcné téma |
women comics creators |
| Geografické zpřesnění |
Belgium |
| Chronologické zpřesnění |
21st century |
| Zdroj záhlaví nebo termínu |
eczenas |
| 9 (RLIN) |
20682 |
| 650 #9 - Vedlejší věcné záhlaví - věcné téma |
| Věcné téma |
female sexual dysfunction |
| Zdroj záhlaví nebo termínu |
eczenas |
| 9 (RLIN) |
20683 |
| 655 #7 - Rejstříkový termín - žánr/forma |
| Žánr/forma či základní termín |
autobiografické komiksy |
| -- |
fd1058616 |
| -- |
czenas |
| -- |
14369 |
| 655 #9 - Rejstříkový termín - žánr/forma |
| Žánr/forma či základní termín |
autobiographical comics |
| -- |
eczenas |
| -- |
14763 |
| 700 1# - Vedlejší záhlaví - osobní jméno autora |
| Osobní jméno |
Vybíralová, Sára, |
| Datumy související se jménem |
1986- |
| -- |
jo2011555944 |
| Kód role |
trl |
| 9 (RLIN) |
8406 |
| 900 ## - |
| -- |
ABG001 |
| -- |
19 |
| 998 ## - Místní kontrolní číslo (RLIN) |
| -- |
010760929 |
| 910 ## - Údaje o vlastníkovi jednotky (exempláře) |
| Sigla vlastníka jednotky |
ABG508 |
| 993 ## - pracovní čísla |
| -- |
391.00 |
| -- |
599.00 |
| -- |
Team Business |
| -- |
2026-04-21 |
| -- |
1076096 |